| 000 | 01239nam a2200265Ia 4500 | ||
|---|---|---|---|
| 003 | Ost | ||
| 005 | 20260507074939.0 | ||
| 008 | 260507s9999||||xx |||||||||||||| ||und|| | ||
| 020 | _a9789957493370 | ||
| 040 | _cfsecg | ||
| 041 | _aara | ||
| 082 | _a1.4 | ||
| 100 |
_aحمود، خضير كاظم _eمؤلف |
||
| 245 | 0 |
_aمنهجية البحث العلمي / _c خضير كاظم حمود |
|
| 250 | _aطبعة 1 | ||
| 260 |
_aعمان: _bاثراء للنشر و التوزيع, _c2008 |
||
| 300 |
_a296 صفحة؛ _c24 سم |
||
| 504 | _aبيبليوغرافيا ص.293 | ||
| 520 | _aيتناول هذا الكتاب المحاور التالية مقدمة في البحث العلمي ، التحري العلمي ، متغيرات البحث العلمي والاطار النظري ، التحليل الاحصائي للبحث ،أساليب جمع البيانات ، خطوات البحث العلمي ، الاطار العام للبحث ، عرض البيانات وتحليلها ، نتائج البحث والتوصيات | ||
| 653 | _aبحث علمي | ||
| 653 | _aطرق البحث | ||
| 653 | _aمنهجية | ||
| 700 |
_aسلامة، اللوزي موسى _eمؤلف ثانوي |
||
| 942 | _cكتاب | ||
| 999 |
_c41913 _d41913 |
||